[Event "SVK-ch U16"]
[Site "Sliac"]
[Date "2011.04.02"]
[Round "4"]
[White "Sucik, Samuel"]
[Black "Tropp, Oliver"]
[Result "1/2-1/2"]
[WhiteElo "1770"]
[BlackElo "1995"]
[PlyCount "41"]
[EventDate "2011.03.31"]
[EventType "swiss"]
[EventRounds "9"]
[EventCountry "SVK"]
[SourceTitle "CBM 141 Extra"]
[Source "ChessBase"]
[SourceDate "2011.05.03"]
[SourceVersion "1"]
[SourceVersionDate "2011.05.03"]
[SourceQuality "1"]

1. d4 e6 2. c4 d5 3. Nc3 Be7 4. Nf3 Nf6 5. Bg5 0-0 6. e3 b6 7. Bd3 Bb7 8. cxd5 Nxd5 9. Bxe7 Qxe7 10. 0-0 h6 11. Rc1 c6 12. Nxd5 exd5 13. Ne5 c5 14. b3 Rc8 15. Qe2 Nc6 16. Nxc6 Rxc6 17. Rc2 Rac8 18. Rfc1 Qf6 19. h3 cxd4 20. exd4 Kf8 21. Bb5 1/2-1/2

[Event "Bratislava Doprastav op"]
[Site "Bratislava"]
[Date "2010.07.04"]
[Round "4"]
[White "Sucik, Samuel"]
[Black "Sturc, Gustav"]
[Result "0-1"]
[WhiteElo "1649"]
[BlackElo "2046"]
[PlyCount "164"]
[EventDate "2010.07.02"]
[EventType "swiss"]
[EventRounds "9"]
[EventCountry "SVK"]
[SourceTitle "EXT 2012"]
[Source "ChessBase"]
[SourceDate "2011.11.24"]
[SourceVersion "1"]
[SourceVersionDate "2011.11.24"]
[SourceQuality "1"]

1. d4 Nf6 2. c4 c5 3. d5 e6 4. Nc3 exd5 5. cxd5 d6 6. e4 g6 7. h3 Bg7 8. Nf3 0-0 9. Bd3 b6 10. 0-0 Ba6 11. Re1 Bxd3 12. Qxd3 Nbd7 13. Bf4 Ne8 14. e5 dxe5 15. Nxe5 Nxe5 16. Bxe5 Nd6 17. Rad1 Bxe5 18. Rxe5 Qf6 19. Re2 Rfe8 20. Rde1 Kf8 21. a3 Rxe2 22. Rxe2 Rd8 23. Re1 Nf5 24. Qa6 Rd7 25. Qb5 Qd8 26. Qa6 Ne7 27. Rd1 Kg7 28. Qc4 Nf5 29. Ne4 Nd4 30. Nc3 Qg5 31. Qd3 Qe5 32. Qe3 Qd6 33. Qd3 Re7 34. g3 h5 35. Kg2 Qe5 36. Kf1 Qf5 37. Kg2 Qxd3 38. Rxd3 Rd7 39. f3 f5 40. Kf2 Kf7 41. Re3 a6 42. Rd3 Nb5 43. Na4 Rd6 44. Ke3 Nc7 45. Nc3 b5 46. b4 c4 47. Rd4 Kf6 48. Rd2 Ke5 49. f4+ Kf6 50. h4 Ke7 51. Rd4 Rd8 52. Rd2 Kd6 53. Kf2 Re8 54. Rd4 Ra8 55. a4 Rb8 56. a5 Re8 57. Rd2 Re7 58. Rd4 Ne8 59. Rd2 Nf6 60. Rd4 Ne4+ 61. Nxe4+ Rxe4 62. Rd1 c3 63. Rc1 Rc4 64. Ke3 Kxd5 65. Rd1+ Kc6 66. Rc1 c2 67. Kd3 Kd5 68. Ke3 Rc3+ 69. Kf2 Kc4 70. Ke2 Kxb4 71. Kd2 Kb3 72. Ke2 Kb2 73. Kd2 b4 74. Re1 c1Q+ 75. Rxc1 Rxc1 76. Ke3 Kc3 77. Ke2 b3 78. Ke3 b2 79. Kf2 b1Q 80. Kg2 Qc2+ 81. Kf3 Rf1+ 82. Ke3 Qd2# 0-1

[Event "Bratislava Doprastav op"]
[Site "Bratislava"]
[Date "2010.07.03"]
[Round "3"]
[White "Zdrazil, Bohumir"]
[Black "Sucik, Samuel"]
[Result "1/2-1/2"]
[WhiteElo "1931"]
[BlackElo "1649"]
[PlyCount "43"]
[EventDate "2010.07.02"]
[EventType "swiss"]
[EventRounds "9"]
[EventCountry "SVK"]
[SourceTitle "EXT 2012"]
[Source "ChessBase"]
[SourceDate "2011.11.24"]
[SourceVersion "1"]
[SourceVersionDate "2011.11.24"]
[SourceQuality "1"]

1. Nf3 d5 2. d4 Nf6 3. c4 e6 4. g3 b6 5. Bg2 Be7 6. 0-0 0-0 7. Nc3 Bb7 8. Ne5 c5 9. cxd5 exd5 10. e3 Re8 11. b3 Nc6 12. Nxc6 Bxc6 13. Ba3 Rc8 14. Rc1 Bf8 15. dxc5 Bxc5 16. Bxc5 bxc5 17. Qc2 Qb6 18. Ne2 Bb7 19. Rfd1 Red8 20. Nc3 Bc6 21. Ne2 Bb7 22. Nc3 1/2-1/2

[Event "Bratislava Doprastav op"]
[Site "Bratislava"]
[Date "2009.07.04"]
[Round "1"]
[White "Sucik, Samuel"]
[Black "Frindt, Kornel"]
[Result "0-1"]
[WhiteElo "1688"]
[BlackElo "2099"]
[PlyCount "106"]
[EventDate "2009.07.04"]
[EventType "swiss"]
[EventRounds "9"]
[EventCountry "SVK"]
[SourceTitle "EXT 2015"]
[Source "ChessBase"]
[SourceDate "2014.11.20"]
[SourceVersion "1"]
[SourceVersionDate "2014.11.20"]
[SourceQuality "1"]

1. d4 Nf6 2. Nf3 g6 3. c4 Bg7 4. Nc3 0-0 5. e4 d6 6. Be2 e5 7. dxe5 dxe5 8. Qxd8 Rxd8 9. Bg5 Re8 10. Nd5 Nxd5 11. cxd5 f6 12. Be3 Bf8 13. Nd2 c6 14. Bc4 Kg7 15. Rc1 Bd7 16. 0-0 cxd5 17. Bxd5 Bc6 18. Bxc6 Nxc6 19. Bc5 Rad8 20. Nb3 Be7 21. Rfd1 Kf7 22. Kf1 Bxc5 23. Nxc5 Rxd1+ 24. Rxd1 b6 25. Na4 Ke6 26. Nc3 Nd4 27. Ne2 Nb5 28. Ke1 Nd6 29. Nc3 Rc8 30. Rb1 b5 31. f3 b4 32. Nd5 a5 33. Ne3 f5 34. exf5+ gxf5 35. Kd1 f4 36. Nf1 Nf5 37. g3 Rg8 38. g4 Nd4 39. Nd2 Rd8 40. Ke1 Rc8 41. Kd1 Rc2 42. Ke1 Kd5 43. Kd1 a4 44. h3 Rc6 45. h4 h5 46. g5 Nf5 47. Ne4 Nxh4 48. Rc1 Rxc1+ 49. Kxc1 Nxf3 50. g6 Ke6 51. Nc5+ Kf6 52. g7 Kxg7 53. Nxa4 h4 0-1